LEADER 02138 am 22004453- 450 001 9910377418403321 005 20231214145446.0 010 $a3-947732-78-3 024 7 $a10.17885/heiup.580 035 $a(CKB)4100000010352432 035 $a(OAPEN)1007764 035 $a(oapen)https://directory.doabooks.org/handle/20.500.12854/38641 035 $a(EXLCZ)994100000010352432 100 $a20200225d2020 uy 0 101 0 $ager 135 $auuuuu---auuuu 181 $ctxt$2rdacontent 182 $cc$2rdamedia 183 $acr$2rdacarrier 200 14$aDer Architekt in der Frühen Neuzeit $eAusbildung - Karrierewege - Berufsfelder /$fAnna-Victoria Bognár 210 $aHeidelberg$cHeidelberg University Publishing (heiUP)$d2020 215 $a1 online resource (568) 225 1 $aHöfische Kultur Interdisziplinär (HKI) - Schriften und Materialien des Rudolstädter Arbeitskreiss zur Residenzkultur 311 $a3-947732-79-1 330 $aThe profession of architect underwent the decisive stages of its professionalisation during the early modern period of the Holy Roman Empire (approx. 1500-1800). As a rule, multiple training courses in the artistic, military and scientific fields prepared the architects for a broad range of professional tasks. As ?Baumeister? (head architects) with building authorities, they introduced an efficient division of labour in design, planning, execution and administration, and were sometimes able to pursue remarkable careers. This volume examines the cultural, social and administrative factors that contributed to the artistic work of architects. 606 $aHistory of Architecture 610 $aHistory of Architecture 610 $aProfessional History 610 $aEarly Modern Period 610 $aArchitekturgeschichte 610 $aBerufsgeschichte 610 $aFrühe Neuzeit 615 0$aHistory of Architecture 676 $a724.1 686 $aNM 5100$2zU_BK 700 $aBognár$b Anna-Victoria$0953401 906 $aBOOK 912 $a9910377418403321 996 $aDer Architekt in der Frühen Neuzeit$92155408 997 $aUNINA LEADER 02128nam 2200625 a 450 001 9910778777903321 005 20230421033226.0 010 $a0-309-17417-1 010 $a1-280-18683-6 010 $a9786610186839 010 $a0-309-56903-6 035 $a(CKB)110986584752232 035 $a(OCoLC)666925462 035 $a(CaPaEBR)ebrary10071322 035 $a(SSID)ssj0000119411 035 $a(PQKBManifestationID)12034621 035 $a(PQKBTitleCode)TC0000119411 035 $a(PQKBWorkID)10073475 035 $a(PQKB)10332170 035 $a(MiAaPQ)EBC3377299 035 $a(Au-PeEL)EBL3377299 035 $a(CaPaEBR)ebr10071322 035 $a(OCoLC)940510406 035 $a(EXLCZ)99110986584752232 100 $a19980218d1998 uy 0 101 0 $aeng 135 $aurcn||||||||| 181 $ctxt 182 $cc 183 $acr 200 10$aAdvanced fibers for high-temperature ceramic composites$b[electronic resource] $eadvanced materials for the twenty-first century /$fCommittee on Advanced Fibers for High-Temperature Ceramic Composites, National Materials Advisory Board, Commission on Engineering and Technical Systems, National Research Council 210 $aWashington, DC $cNational Academy Press$d1998 215 $a1 online resource (111 p.) 225 1 $aPublication NMAB ;$v494 225 1 $aCompass series 300 $aBibliographic Level Mode of Issuance: Monograph 311 $a0-309-05996-8 320 $aIncludes bibliographical references (p. 87-92). 410 0$aCompass series (Washington, D.C.) 410 0$aPublication NMAB ;$v494. 517 3 $aCeramic fibers and coatings 606 $aCeramic-matrix composites 606 $aCeramic fibers 606 $aHeat resistant materials 615 0$aCeramic-matrix composites. 615 0$aCeramic fibers. 615 0$aHeat resistant materials. 676 $a620.1/4 801 0$bMiAaPQ 801 1$bMiAaPQ 801 2$bMiAaPQ 906 $aBOOK 912 $a9910778777903321 996 $aAdvanced fibers for high-temperature ceramic composites$93772506 997 $aUNINA